| 000 | 01973nam1a2200397 4500 | ||
|---|---|---|---|
| 001 | RU\NLR\BIBL_A\022695545 | ||
| 005 | 20260406103301.0 | ||
| 010 | _a978-5-09-128765-3 | ||
| 035 | _a(NLR Aleph) 022695545 | ||
| 090 |
_a13514761 _c13514761 |
||
| 100 | _a20251225d2026 e y0rusy50 ca | ||
| 101 | 0 | _arus | |
| 102 | _aRU | ||
| 105 | _a j | ||
| 181 | 0 |
_ai _baxxe |
|
| 182 | 0 | _an | |
| 200 | 1 |
_aОбществознание _iОсновы экономики _eуглубленный уровень _eучебное пособие _eв соответствии с требованиями ФГОС СОО _eв двух частях _fЗуев Василий Евгеньевич, Городецкая Наталия Ивановна, Кери Игорь Тальевич, Лобанов Илья Анатольевич _gпод редакцией А. Ю. Лезебниковой, В. Е. Зуева |
|
| 203 |
_aТекст _bвизуальный _cнепосредственный |
||
| 205 | _a4-е изд., стер. | ||
| 210 |
_aМосква _cПросвещение _d2026 |
||
| 215 | _d26 | ||
| 225 | 1 | _aФГОС | |
| 300 | _aАвт. указаны на обороте тит. с. | ||
| 333 | _a12+ | ||
| 606 | 1 |
_aОбществоведение _jУчебные издания для средней школы _91764031 _3RU\NLR\AUTH\66791493 |
|
| 686 | 1 | _aС.я72 | |
| 701 | 1 |
_aЗуев _bВ. Е. _gВасилий Евгеньевич |
|
| 701 | 1 |
_7ca _8rus _aГородецкая _bН. И. _gНаталия Ивановна _962460 _3RU\NLR\AUTH\7779532 |
|
| 701 | 1 |
_aКери _bИ. Т. _gИгорь Тальевич |
|
| 701 | 1 |
_aЛобанов _bИ. А. _gИлья Анатольевич |
|
| 702 | 1 |
_4340 _7ca _8rus _aЛазебникова _bА. Ю. _f1950- _gАнна Юрьевна _971455 _3RU\NLR\AUTH\7788527 |
|
| 852 |
_aNLR _j2025-7/8044 |
||
| 942 | _cBOOK | ||
| 980 | _aNB | ||